Erster anfang: 100 leichte übungen
Zapisane w:
| 1. autor: | |
|---|---|
| Format: | Partytura Książka |
| Język: | angielski niemiecki francuski |
| Wydane: |
Viena
Universal
1984
|
| Hasła przedmiotowe: | |
| Etykiety: |
Dodaj etykietę
Nie ma etykietki, Dołącz pierwszą etykiete!
|
MARC
| LEADER | 00000ncm a2200000 a 4500 | ||
|---|---|---|---|
| 001 | UCN5367 | ||
| 003 | CL-VaPUC | ||
| 005 | 20250325095626.0 | ||
| 008 | 010824e19840000AU |||||||||||||||||eng|d | ||
| 999 | |c 296929 |d 296927 | ||
| 040 | |c Pontificia Universidad Católica de Valparaíso | ||
| 041 | 0 | 7 | |a eng |2 CL-VaPUC |
| 041 | 0 | 7 | |a ger |2 CL-VaPUC |
| 041 | 0 | 7 | |a fre |2 CL-VaPUC |
| 082 | 0 | 4 | |a Pn786.2193 CZE 1984 |2 21 |
| 100 | 0 | |a Czerny, Carl |e author |9 461400 | |
| 245 | 1 | 0 | |a Erster anfang: 100 leichte übungen |
| 246 | 1 | 0 | |a Premier commencement: 100 pièces faciles |
| 246 | 1 | 0 | |a First beginning: 100 easy pieces |
| 260 | |a Viena |b Universal |c 1984 | ||
| 300 | |a 51 p | ||
| 583 | |a last modification |c 20010824 00:00:00 |k Rodrigo Vera | ||
| 650 | 0 | |a Piano, ejercicios y estudio |9 328974 | |
| 650 | 0 | |a Piano |x Estudio e instrucción |9 325053 | |
| 650 | 0 | |a Piano |x Técnicas de ejecución |9 328975 | |
| 942 | |c BK |2 ddc | ||
| 945 | |d 20010824 00:00:00 |a lriquelm | ||
| 952 | |0 0 |1 0 |2 ddc |4 0 |6 PN_786_219300000000000_CZE_1984 |7 0 |8 F |9 351229 |a BIBEDU |b BIBEDU |d 2019-11-21 |i 1165739 |l 22 |o Pn786.2193 CZE 1984 |p 1165739 |r 2023-11-29 |s 2023-11-28 |w 2019-11-21 |y PA |k MUS | ||